Full answers to Mr. M---y's [as printed] Queries in defence of the malt-distillery : shewing it to be both a religious and political sin to distill spirits from corn : intended to save millions.

Bibliographic Details
Main Author: B., active 1760
Format: eBook
Language:English
Series:Making of the modern world (Goldsmiths'-Kress Library of Economic Literature)
Subjects:
Online Access:Connect to the full text of this electronic book

MARC

Tag First Indicator Second Indicator Subfields
LEADER 00000cam a2200000Ia 4500
001 in00002290313
005 20190326203248.0
006 m | d |
007 cr |n||||||||n
008 910315s1760 enk s 000 0 eng d
040 |a TXA  |c GKS  |d OCL  |d Thomson Gale  |d UtOrBLW 
043 |a e-uk--- 
100 0 |a B.,  |d active 1760. 
245 1 0 |a Full answers to Mr. M---y's [as printed] Queries in defence of the malt-distillery :  |b shewing it to be both a religious and political sin to distill spirits from corn : intended to save millions. 
264 3 |a London :  |b Printed for J. Scott,  |c 1760. 
336 |a text  |b txt  |2 rdacontent 
337 |a computer  |b c  |2 rdamedia 
338 |a online resource  |b cr  |2 rdacarrier 
500 |a Signed: B. 
500 |a Reproduction of original from Goldsmiths' Library, University of London. 
500 |a Goldsmiths'-Kress number 09558. 
510 4 |a Higgs, H. Bibl. of economics  |c 2197 
510 4 |a OCLC,  |c 23248167 
533 |a Electronic reproduction.  |b Farmington Hills, Mich. :  |c Thomson Gale,  |d 2005.  |f (The making of the modern world).  |n Available via the World Wide Web.  |n Access limited to licensing agreements.  |7 s2005 miunns 
500 |a Electronic resource. 
600 1 0 |a Mowbray.  |t Queries in defence of the malt-distillery. 
650 0 |a Malt  |x Taxation. 
650 0 |a Malt liquors  |x Taxation. 
650 0 |a Distilling industries  |x Moral and ethical aspects  |z Great Britain. 
655 0 |a Electronic books. 
830 0 |a Making of the modern world (Goldsmiths'-Kress Library of Economic Literature) 
856 4 0 |u http://proxy.library.tamu.edu/login?url=http://galenet.galegroup.com/servlet/MOME?af=RN&ae=U108382768&srchtp=a&ste=14&locID=txshracd2898  |z Connect to the full text of this electronic book  |t 0 
999 |a MARS 
999 f f |s d4596acb-dc57-3a53-a08d-f9801d7c9979  |i ce468971-181d-3ac4-805d-ea2f9f92a99d  |t 0 
952 f f |a Texas A&M University  |b College Station  |c Electronic Resources  |d Available Online  |t 0  |h No information provided 
998 f f |t 0  |l Available Online